Zvláštní kolejová vozidla používaná ve městech ČSSR

Bibliographic Details
Main Author: Pavelek, Rudolf (Author)
Format: Article
Language:Czech
Slovak
Subjects:

MARC

LEADER 00000nab a2200000 a 4500
001 vtls000416080
003 SK-MaSNL
005 20260302234757.0
008 120925c1989 xo 0 cze
015 |a SNBRA19rr/mm-uuuuu 
035 |a CL0416205 
040 |a SNKBUCL  |b slo  |c SNKBUCL  |e AACR2 
041 0 |a slo 
044 |a xo  |c SK 
080 |a 629.434.02  |2 1981 
080 |a 656.34  |2 1981 
100 1 |a Pavelek, Rudolf  |4 aut  |9 795698 
245 1 0 |a Zvláštní kolejová vozidla používaná ve městech ČSSR  |c Rudolf Pavelek 
650 0 7 |a vozidlá koľajové mestské  |2 snkbucl  |9 970546 
655 7 |a články zo zborníkov  |2 snkbucl  |9 166140 
773 0 |t Súčasné problémy v koľajových vozidlách  |d Žilina : Dom techniky ČSVTS, 1989 
850 |a Slovenská národná knižnica v Martine  |a MTA001 
852 |a SNK  |b KIS3GCP 
958 |a RK 
992 |a RZB 
999 |c 1551916  |d 1553846